| 000 | 00712nam a22002057a 4500 | ||
|---|---|---|---|
| 005 | 20240703161000.0 | ||
| 010 | _aENG-140751 | ||
| 020 |
_c1680.00 _a9788196790059 |
||
| 035 | _aEN- 124283 | ||
| 037 | _bDBAD | ||
| 082 | _a338.4762 | ||
| 100 |
_aChopra, Anil _968068 |
||
| 245 |
_aRoad To Atmanirbhar Bharat In Aerospace/ _ced. by Anil Chopra and Dinesh kumar Panday |
||
| 260 |
_aNew Delhi _bKW Publishers Pvt Ltd _c2024 |
||
| 270 |
_bNew Delhi _a4676/21,First Floor, Ansari Road Daryaganj _e110002 _k91 11 43528107 |
||
| 300 |
_axxii, 333p. _c24cm(hp) |
||
| 700 |
_aChopra, Anil _eEditor _968063 |
||
| 700 |
_aPanday, Dinesh Kumar _eEditor _968064 |
||
| 942 |
_2ddc _cEN _h338.4762 _mCHO |
||
| 999 |
_c203912 _d203912 |
||